Utak valahová

Elmentve itt :
Bibliográfiai részletek
Szerző: LÁZÁR Edit
Adatforrás:Meister
Forrásdokumentuma:A Hét. -
26 sz., 1992, 4 p.
Nyelv:magyar
Kulcsszavak:riport (közéleti)
várostörténet
műemlékek
Szalonta
Csonkatorony (Szalonta)
LEADER 00428nab a2200169 i 4500
001 bibPRO00006500
008 060524s1992 xx hun
040 |a Sz1 
041 |a hun 
100 1 |a LÁZÁR Edit 
245 1 0 |a Utak valahová  |c LÁZÁR Edit 
695 |a riport (közéleti) 
695 |a várostörténet 
695 |a műemlékek 
695 |a Szalonta 
695 |a Csonkatorony (Szalonta) 
773 0 |t A Hét. -  |g 26 sz., 1992, 4 p.